000 00844nam a2200289 i 4500
001 12577
003 ES-MaACL
005 20230906150341.0
007 t|
008 960902s1996 sp ||||0| spa j
020 _a84-7490-388-2
040 _aM-BN
_bspa
_cM-BN
080 _a7.033.4(460.22)
100 1 _aCanellas López, Angel.
_934480
245 1 0 _aRutas románicas en Aragón /
_c[autores, Angel Canellas López, Angel San Vicente].
250 _a1ª ed.
260 _aMadrid :
_bEncuentro,
_c1996.
300 _a273 p :
_bil., plan ;
_c24 cm.
490 1 _aGuías
490 1 _aRutas románicas
650 1 4 _aArte románico-
_zAragón.
_910298
700 1 _aSan Vicente, Angel.
_9102312
830 0 _aGuías
_9179321
830 0 _aRutas románicas
_9179322
852 _aES-MaACL
_jL-19865
_bR.126003
999 _c12577
_d12577